C.H.P. halkevleri ve halkodaları (Record no. 8871)

MARC details
000 -BAŞLIK
Sabit Uzunlukta Kontrol Alanı 00856na a2200277 4500
001 - KONTROL NUMARASI
Denetim Alanı 22289
003 - KONTROL NUMARASI IDENTIFIER
Denetim Alanı MIRAKIL
005 - SON İŞLEM TARİHİ VE ZAMANI
Denetim Alanı 20181213155226.0
008 - SABİT-BOY VERİ ELEMANLARI - GENEL BİLGİLER
Sabit Uzunlukta Kontrol Alanı 170213b tu 000 0
035 ## - SİSTEM KONTROL NUMARASI
Sistem Kontrol Numarası 18165
040 ## - KATALOGLAMA KAYNAK
Orijinal Kataloglama Ajansı Milas
Kataloglama Dili tur
Metne Dönüştürmek Ajansı TR-AnCHP
041 ## - DİL KODU
Metin / Ses Parça Veya Ayrı Başlığın Dil Kodu tur
082 ## - DEWEY ONLU SINIFLANDIRMA NUMARASI
Sınıflandırma Numarası Halkevleri 366
Ürün Numarası C36b [1945]
090 ## - SINIFLAMA NUMARASI
Sınıflama Numarası Halkevleri 366 C36b [1945]
110 ## - ANA GİRİŞ - KURUMSAL ADI
Giriş Elemanı Olarak Kurumsal Ad Veya Yargı Alanı Adı Cumhuriyet Halk Partisi (CHP)
245 ## - BAŞLIK TABLOSU
Başlık C.H.P. halkevleri ve halkodaları
Başlığın Kalan 1932-1942
Sorumluluk Tablosu, Vb C. H. P.
246 ## - UNVAN FORM VARYING
Başlık Doğru / Kısa Başlığı 1932-1942 halkevleri ve halkodaları
260 ## - YAYIN, DAĞITIM, VB
Yayın, Dağıtım, Vb Yeri Ankara
Yayıncı, Dağıtıcı, Vs Adı [yayl. y.]
Yayın, Dağıtım, Vb Tarihi [1945]
300 ## - FİZİKSEL TANIM
Kapsam 30, [12] s.
Diğer Fiziksel Ayrıntıları rnk. grf.
Boyutlar 22 sm.
610 ## - KONU KATMA GİRİŞ - TOPLANTI ADI
Giriş Elemanı Olarak Kurumsal Ad Veya Yargı Alanı Adı CHP
Genel Alt Bölüm Halkevleri
650 ## - KONU KATMA GİRİŞ - TOPİKAL DÖNEM
Topikal Süreli Veya Coğrafi Ad Giriş Elemanı Halkevleri
Genel Alt Bölümü Yıldönümü
Kronolojik Alt Bölümü 1932-1942
650 ## - KONU KATMA GİRİŞ - TOPİKAL DÖNEM
Topikal Süreli Veya Coğrafi Ad Giriş Elemanı Halkodaları
Genel Alt Bölümü Çalışmalar, 1932-1942
650 ## - KONU KATMA GİRİŞ - TOPİKAL DÖNEM
Topikal Süreli Veya Coğrafi Ad Giriş Elemanı Halkevleri
Genel Alt Bölümü Çalışmalar, 1932-1942
942 ## - EKLENDİ GİRİŞ ELEMANLARI (KOHA)
Sınıflandırma Veya Raf Düzeni Kaynak Dewey Decimal Classification
Koha Öğesi Türü Books
999 ## - SİSTEM KONTROL NUMARALARI (KOHA)
Koha Biblionumber 8871
Koha Biblioitemnumber 8871
Holdings
Kalıcı Konum Mevcut Konum Edinme Tarihi Edinim Kaynak Toplam Check-Out'Lar Tam Çağrı Numarası Barkod Tarih Son Görülme İtibaren Geçerli Fiyatlar Koha Öğesi Türü
CHP Kütüphanesi CHP Kütüphanesi 02/13/2017 Bağış   Halkevleri 366 C36b [1945] 016006 02/13/2017 02/13/2017 Books